000 01220cas a2200385 a 4500
001 11342126
005 20180301073905.0
008 751101c19559999nju x f 0 a0eng c
010 _a 88641538
_z 67007106
016 7 _a90454-5
_2DE-600
016 7 _a9815264
_2DNLM
016 7 _aM31485000
_zM31490000
_2DNLM
016 7 _a011759431
_2Uk
022 0 _a0076-6542
_21
035 _a(OCoLC)ocm01770866
040 _aMUL
_beng
_cMUL
_dNSD
_dOCL
_dDLC
_dOCL
_dNST
_dNYG
_dNLM
_dOCL
_dCLU
_dCO3
_dOCLCQ
_dHEBIS
_dDLC
_dUKMGB
_dOCLCQ
_dOCLCF
_dCUV
_dOCL
_dOCLCQ
_dTFW
_dYDX
041 _aeng
042 _apcc
_ansdp
060 0 0 _aSF 745
_bM555m
080 _a636.089 SIE
082 0 4 _a636.089 SIE
_222
100 _a7
101 _aZOO
210 0 _aMerck vet. man.
222 4 _aThe Merck veterinary manual
245 0 4 _aThe Merck veterinary manual.
310 _aIrregular
362 0 _a1st ed.-
590 _aSERBIB/SERLOC merged record
776 0 8 _iOnline version:
_tMerck veterinary manual (Online)
_x2156-0307
_w(DLC) 2010201700
_w(OCoLC)50335958
906 _a7
_bcbc
_cserials
_d3
_encip
_f19
_gn-oclcserc
942 _2ddc
_cBK
999 _c43838
_d43838